[Event "18th Aeroflot Open-A 2020"]
[Site "Moscow"]
[Date "2020.02.23"]
[Round "5.26"]
[White "Sindarov, Javokhir"]
[Black "Durarbayli, Vasif"]
[Result "0-1"]
[WhiteElo "2537"]
[BlackElo "2625"]
[Annotator "TA"]
[PlyCount "98"]
[EventDate "2020.02.19"]
[EventType "swiss"]
[EventCountry "RUS"]
[SourceTitle "playchess.com"]
[Source "ChessBase"]
[SourceQuality "1"]

{[%evp 15,98,11,44,11,16,16,11,13,17,0,8,-5,0,0,0,0,0,0,10,0,0,0,0,-18,-25,-81,-54,-79,-26,-46,-42,-31,-41,-51,-52,-55,-72,-83,-80,-172,-178,-247,-234,-238,-96,-111,-116,-112,-108,-248,-217,-252,-259,-239,-252,-245,-247,-245,-235,-335,-337,-351,-345,-273,-258,-258,-258,-261,-269,-269,-261,-568,-553,-553,-539,-539,-536,-519,-324,-485,-460,-752,-669,-29981,-29982]} 1. e4 c5 2. Nc3 a6 3. Nge2 d6 4. d4 cxd4 5. Nxd4 Nf6 6. Be3 e5 7. Nf3 Be7 8. Bc4 Be6 9. Bb3 {B90: Sicilian Najdorf: Unusual White 6th moves, 6 Be3 Ng4 and 6 Be3 e5.} Nbd7 $1 {[%mdl 4] outshines the older 9...0-0. Played by Anish Giri in November 2019.} 10. O-O Rc8 11. Re1 {The position is equal.} b5 {[#]} 12. Qe2 $146 ({Predecessor:} 12. Bg5 O-O 13. Bxf6 Nxf6 14. a3 Rc6 15. Qd3 Qc8 16. Rac1 Bxb3 17. cxb3 Bd8 18. Rc2 {½-½ (41) Afanasiev,N (2508)-Sakaev,K (2595) Khanty-Mansiysk 2019}) 12... Qc7 13. h3 Bc4 14. Bxc4 Qxc4 15. Qxc4 Rxc4 16. Nd2 Rc6 17. Rac1 O-O 18. a3 Rfc8 19. Red1 Bd8 20. f3 (20. Rb1 $11 {keeps the balance.}) 20... Ba5 $17 21. Ndb1 h6 ({Black should play} 21... Nb6 $17 22. b3 Kf8) 22. Rd3 Kf8 23. Rcd1 Ke7 24. Kh2 Bb6 25. Bxb6 Nxb6 26. b3 Nh5 27. Na2 (27. g3 $17) 27... Rxc2 $19 28. Nb4 (28. Nbc3 $142 Nf4 29. R3d2 Rxd2 30. Rxd2) 28... Rb2 $1 {aiming for ...a5.} 29. Nc3 a5 (29... Nf4 $19 {is more deadly.} 30. Rxd6 Rxc3 31. Nc6+ Rxc6 $1 {[%mdl 512]} 32. Rxc6 Rxg2+ 33. Kh1 Rg6 34. Rc7+ Ke8) 30. Ncd5+ $17 Nxd5 31. Nxd5+ Kf8 32. Ne3 {Loses the game.} (32. R1d2 $17 Rb1 33. Rd1 Rxd1 34. Rxd1) 32... g6 33. Rxd6 Nf4 $1 (33... Rxb3 34. Nf5 $17) 34. R1d2 {[#]} Rxd2 $1 ({Don't take} 34... Rxb3 35. Ng4 $17) 35. Rxd2 $19 {[%mdl 4096] Endgame KRN-KRN} Rc3 {[%mdl 64] Double Attack} 36. Ng4 {[#]} Nd3 $1 ({But not} 36... Rxb3 37. Nxe5 Rxa3 38. Rd7 $17) 37. Nxe5 (37. a4 $142 b4 38. Ne3) 37... Nxe5 {KRN-KR} 38. Rd5 Nd3 ({Less strong is} 38... Rxb3 39. Rxe5 a4 40. Kg3 $15) 39. Rxb5 {[#]} a4 $1 40. bxa4 Rxa3 41. a5 Ra2 42. Kg3 Kg7 43. e5 $2 (43. Rb1) 43... g5 44. h4 Nf4 {[%csl Gf4][%cal Ra2g2]} 45. hxg5 hxg5 {[%csl Gf4][%cal Ra2g2]} 46. Kg4 Rxg2+ 47. Kf5 Ne6 {White must now prevent ...Nd4+.} 48. Rb6 (48. Ke4 $142) 48... Ra2 49. a6 Ra4 {Accuracy: White = 57%, Black = 90%.} 0-1

[Event "18th Aeroflot Open-A 2020"]
[Site "Moscow"]
[Date "2020.02.23"]
[Round "5.27"]
[White "Sadhwani, Raunak"]
[Black "Indjic, Aleksandar"]
[Result "0-1"]
[WhiteElo "2522"]
[BlackElo "2622"]
[Annotator "TA"]
[PlyCount "82"]
[EventDate "2020.02.19"]
[EventType "swiss"]
[EventCountry "RUS"]
[SourceTitle "playchess.com"]
[Source "ChessBase"]
[SourceQuality "1"]

{[%evp 20,82,20,5,31,11,24,18,18,14,27,28,35,12,22,0,33,32,68,63,62,61,93,59,67,27,20,-77,0,0,0,-87,-75,-64,-72,-89,-73,-102,-118,-114,-70,-69,-89,-81,-50,-56,-58,-46,-46,-65,-65,-91,-6,-172,-143,-208,-206,-188,-188,-290,-179,-834,-817,-1206,-1154]} 1. Nf3 Nf6 2. c4 e6 3. g3 d5 4. d4 Be7 5. Bg2 O-O 6. O-O dxc4 7. Qc2 a6 8. a4 Bd7 9. Qxc4 Bc6 10. Bg5 Nbd7 $1 {[%mdl 4] now scores much better than the old 10...Bd5. Played by Levon Aronian in December 2019.} 11. Nc3 a5 {E05: Open Catalan: 5 Nf3 Be7.} 12. Rfe1 h6 13. Bxf6 Nxf6 {The position is equal.} 14. e4 Bb4 15. Ne5 Ra6 {[%cal Ba8a6,Ba6b6,Bb6b4][%mdl 32] [#]} 16. Re3 $146 ({Predecessor:} 16. Re2 Nd7 17. Nxd7 Bxd7 18. e5 Bxc3 19. bxc3 Bc6 20. Rd2 Bxg2 21. Kxg2 Rc6 22. Qb3 {1-0 (60) Tratar,M (2439)-Struk,J (2268) Pula 2000}) 16... Be8 17. Rd1 Rb6 18. Qa2 Be7 19. Nc4 Rb4 20. b3 c6 {[#] With the idea ...b5.} 21. Red3 $1 Nd7 22. d5 Nc5 23. Re3 (23. Rf3 $11 {remains equal.}) 23... Qb8 (23... Nxb3 $17 {White must now prevent ...Bc5.} 24. d6 Bg5) 24. d6 $11 Bg5 25. f4 (25. Rf3 $1 $11) 25... Bd8 $17 26. Kh1 Rxb3 27. Ne5 {And now d7 would win.} f6 28. Nf3 Bh5 29. f5 e5 30. Nd2 $1 {[%cal Rd2b3][%mdl 64] Pin} Bf7 {Strongly threatening ...Rxc3!} ({Weaker is} 30... Bxd1 31. Nxd1 Qxd6 32. Bf3 $16 (32. Rxb3 Nxb3 33. Qxb3+ {[%mdl 64] Double Attack} Kh7 $17)) 31. Nxb3 Bxb3 32. Qa3 Bxd1 33. Qxc5 Bh5 34. Bf1 b5 $1 $36 {[%cal Bb7b5,Bb5a4][%mdl 2080] Black is more active.} 35. Qxc6 {[#]} ({But not} 35. axb5 $2 Bb6 $19) 35... Qa7 (35... Qb6 $1 $17 {[%cal Rb6e3]} 36. Qxb6 Bxb6) 36. Qd5+ $2 {This move loses the game for White.} (36. Nd5 $11 {and White is okay.} b4 37. Bb5) 36... Bf7 37. Qd3 (37. Qd2 $17 {was the only chance.} b4 38. Nb5) 37... Qc5 38. Nd5 bxa4 39. Qa3 (39. Qb5 $142 Qxd6 40. Bc4) 39... Qd4 40. d7 $2 (40. Qd3) 40... Bxd5 $19 41. exd5 Bb6 {Accuracy: White = 61%, Black = 64%.} 0-1

[Event "18th Aeroflot Open-A 2020"]
[Site "Moscow"]
[Date "2020.02.23"]
[Round "5.28"]
[White "Nesterov, Arseniy"]
[Black "Jobava, Baadur"]
[Result "1-0"]
[WhiteElo "2501"]
[BlackElo "2620"]
[Annotator "TA"]
[PlyCount "87"]
[EventDate "2020.02.19"]
[EventType "swiss"]
[EventCountry "RUS"]
[SourceTitle "playchess.com"]
[Source "ChessBase"]
[SourceQuality "1"]

{[%evp 13,87,16,19,8,43,35,63,38,37,15,11,14,14,0,35,41,41,30,39,38,87,80,54,41,23,32,64,44,54,45,55,15,124,43,46,12,12,12,12,12,12,0,0,-36,41,41,41,41,41,41,41,41,42,41,41,37,362,348,588,517,512,0,0,0,508,493,500,495,472,459,638,627,638,638,631,631]} 1. d4 d5 2. c4 c6 3. Nf3 Nf6 4. Nc3 dxc4 5. a4 Bf5 6. Ne5 Nbd7 7. Nxc4 Qc7 8. g3 {D17: Slav Defence: 5 a4 Bf5: Lines with 6 Nh4 and 6 Ne5.} Rd8 9. Bf4 Qc8 10. Bg2 {White is slightly better.} Be6 11. Nd2 {[#]} Nb6 $146 ({Predecessor:} 11... g6 12. O-O Bg7 13. Qc2 O-O 14. e4 Nb6 15. a5 Nc4 16. Nxc4 Bxc4 17. Rfd1 h6 {1-0 (42) Sarana,A (2663)-Jobava,B (2604) Moscow 2019}) 12. a5 Nbd5 13. Bg5 Nc7 14. Qa4 $36 {[%mdl 2048] White has good play.} Bh3 15. O-O Bxg2 16. Kxg2 Nfd5 17. e4 h6 {Hoping for ...Nxc3.} 18. Be3 Nxe3+ 19. fxe3 e5 20. Qc4 {[%csl Gf1][%cal Rc4f7]} Ne6 {[%cal Re5d4]} 21. d5 Ng5 22. Nf3 cxd5 {[#]} (22... Nxf3 $11 {keeps the balance.} 23. Rxf3 cxd5 24. Qb5+ Qd7) 23. Qa4+ ({White should try} 23. Qb5+ $1 $16 Qd7 24. Nxe5 Qxb5 25. Nxb5 dxe4 26. a6) 23... Qd7 $1 $14 24. Nb5 {[%cal Bc3b5,Bb5c7,Bc7e6][%mdl 32]} Be7 {Threatens to win with ...Nxf3.} ({Not} 24... dxe4 $2 25. Nxe5 Qh3+ 26. Kh1 $18) 25. Nc7+ {[%mdl 64] Double Attack} Kf8 26. Qxd7 Rxd7 27. Nxg5 hxg5 28. Rac1 dxe4 (28... d4 $15) 29. Ne6+ $1 Kg8 $1 30. Rc8+ Kh7 31. Rxh8+ Kxh8 32. Rxf7 {[%mdl 4096] Endgame KRB-KRN} g4 33. Kf1 {[%mdl 1024] White has compensation.} g6 34. Ke2 a6 $2 {[%mdl 8192]} (34... Kg8 $14 35. Rg7+ {[%mdl 64] Double Attack} Kh8) 35. Rg7 $18 g5 $2 (35... Rc7 {is a better defense.} 36. Kd1 Rd7+ 37. Kc2 Rc7+ 38. Kb1 Rd7) 36. b3 Rc7 37. Rf7 $2 (37. Kd1 $18) 37... Kg8 $1 $11 38. Rg7+ $2 {[%mdl 8192]} (38. Nxg5 $11 Rc2+ 39. Kd1 Bxg5 40. Rf5 {[%mdl 64] Double Attack}) 38... Kh8 $18 39. Kd1 {White is clearly winning.} Rd7+ {[#]} 40. Kc2 $1 Rc7+ 41. Kb1 Rd7 42. b4 Rc7 43. Kb2 Rd7 44. Kc2 {Accuracy: White = 78%, Black = 55%.} 1-0

[Event "18th Aeroflot Open-A 2020"]
[Site "Moscow"]
[Date "2020.02.23"]
[Round "5.29"]
[White "Can, Emre"]
[Black "Asadli, Vugar"]
[Result "0-1"]
[WhiteElo "2600"]
[BlackElo "2538"]
[Annotator "TA"]
[PlyCount "68"]
[EventDate "2020.02.19"]
[EventType "swiss"]
[EventCountry "RUS"]
[SourceTitle "playchess.com"]
[Source "ChessBase"]
[SourceQuality "1"]

{[%evp 19,68,9,22,10,18,0,0,0,0,0,0,0,10,0,9,0,19,-24,-14,-43,-35,-32,-33,-176,-166,-222,-208,-199,-203,-202,-183,-202,-192,-236,-158,-168,-169,-164,-160,-243,-231,-325,-246,-465,-437,-1294,-1268,-5343,-5314,-5302,-4997]} 1. d4 Nf6 2. c4 e6 3. g3 d5 4. Nf3 Bb4+ 5. Bd2 Be7 6. Bg2 c6 7. Qc2 b6 8. O-O O-O 9. Rd1 Bb7 10. Bf4 Na6 {[%cal Bb8a6,Ba6c7,Bc7d5][%mdl 32]} 11. a3 {E06: Closed Catalan: Early deviations.} Rc8 12. Nc3 dxc4 13. Ne5 {The position is equal.} Nd5 14. Nxc4 Nxf4 15. gxf4 Nc7 16. e3 Nd5 17. b4 Qc7 {[#]} 18. Ne4 $146 ({Predecessor:} 18. Ne5 f6 19. Nd3 Kh8 20. Rac1 Qd7 21. Ne4 Qe8 22. Ng3 Bd6 23. Qe2 {½-½ (23) Zontakh,A (2568)-Shimanov,A (2550) Olginka 2011}) 18... f5 19. Ng5 Bxg5 $1 20. fxg5 f4 21. Bh3 {This move loses the game for White.} (21. g6 $15) 21... Qe7 $19 22. e4 {[#]} (22. Qe4 {was called for.} Qxg5+ 23. Kh1) 22... f3 $1 ({Not} 22... Qxg5+ 23. Kh1 $11) 23. Kh1 Nf4 24. Bg4 Qxg5 25. Rg1 {[#] And now Bxe6+! would win.} Qe7 $1 26. Bxf3 c5 27. dxc5 bxc5 28. b5 Rcd8 29. Rg3 (29. Bg2 $17) 29... Nd3 {Strongly threatening ...Rxf3!} 30. Qe2 (30. Kg1 $142 Qh4 31. Qc3) 30... Qh4 {Hoping for ...Rxf3!} 31. Nd2 $2 {[#]} (31. Kg1) 31... c4 $1 {[%cal Bc5c4,Bc4c3][%mdl 544] ...c3 is the strong threat.Black is clearly winning.} 32. Rag1 (32. Kg1 $142 Nf4 33. Qe1) (32. Nxc4 Rxf3) 32... c3 33. Nb1 {[#]} Rxf3 $1 {[%mdl 512]} 34. Rxf3 (34. Qxf3 Bxe4) 34... Qxe4 {Accuracy: White = 35%, Black = 93%.} 0-1

[Event "18th Aeroflot Open-A 2020"]
[Site "Moscow"]
[Date "2020.02.23"]
[Round "5.30"]
[White "Murzin, Volodar"]
[Black "Salgado Lopez, Ivan"]
[Result "1-0"]
[WhiteElo "2442"]
[BlackElo "2597"]
[Annotator "TA"]
[PlyCount "85"]
[EventDate "2020.02.19"]
[EventType "swiss"]
[EventCountry "RUS"]
[SourceTitle "playchess.com"]
[Source "ChessBase"]
[SourceQuality "1"]

{[%evp 12,85,33,25,33,44,53,27,63,56,64,53,60,66,61,47,60,63,100,64,91,87,84,56,60,60,50,58,97,89,132,132,137,132,133,0,149,114,127,105,109,108,108,95,124,116,118,84,134,134,170,161,166,157,147,94,97,92,113,72,128,100,239,220,385,370,903,895,841,853,29984,29985,29992,29993,29993,29994]} 1. d4 g6 2. Nf3 Bg7 3. e4 c6 4. Bd3 d6 5. Nbd2 {[%cal Bb1d2,Bd2c4,Bc4b6][%mdl 32]} Nf6 6. O-O O-O 7. Re1 $1 {7.Re1 is better than 7.c3.} Qc7 {B07: Pirc Defence: Miscellaneous Systems.} 8. a4 {[%cal Ba2a4,Ba4a5][%mdl 32]} b6 9. Qe2 {[#]} a6 $146 {White has an edge.} ({Predecessor:} 9... e5 10. c3 Nbd7 11. dxe5 dxe5 12. b4 Nh5 13. Nf1 c5 14. g3 Bb7 15. Ne3 Nhf6 {0-1 (53) Brazina,D (1929)-Kocian,M (2015) Czechia 2013}) 10. Nc4 d5 11. exd5 Nxd5 12. a5 {Nxb6 is the strong threat.} b5 13. Nb6 Ra7 14. Bg5 e6 15. Qe4 Nd7 {[#]} 16. Nxd5 $1 (16. Nxc8 Rxc8 17. c4 Nb4 $11) 16... cxd5 17. Qh4 Re8 18. Re2 f6 19. Bf4 Qd8 20. Qg3 Nf8 21. h4 Kh8 22. Qh2 Kg8 23. Qg3 Kh8 $1 24. Ra3 Rd7 25. b4 Bb7 26. Ra1 Qe7 27. c3 Qf7 28. Rae1 Rc8 29. Bd2 Rdd8 30. Qh3 Re8 31. g4 h5 32. gxh5 gxh5 33. Nh2 (33. Qg3 $142) 33... e5 $16 34. Bf5 Ng6 35. Nf1 Ne7 ({Black should try} 35... Rc7) 36. Ng3 {[%cal Rd4e5]} ({Of course not} 36. dxe5 $6 fxe5 37. Ng3 (37. Bxc8 Bxc8 38. Qh2 e4 $15) 37... Nxf5 $11) ({Don't play} 36. Bxc8 $6 Bxc8 37. Qh1 Rg8 $11) 36... Rcd8 {Loses the game.} (36... Nxf5 $16 37. Qxf5 Rc7) 37. dxe5 $18 fxe5 $2 {[#]} (37... d4 38. Be6 Qg6) 38. Be6 $1 {[%cal Re6f7]} Qg6 $2 (38... Bc8) 39. Rxe5 Bxe5 40. Rxe5 Qb1+ 41. Kh2 {White mates.} Ng6 42. Rxh5+ Kg7 43. Bh6+ {Accuracy: White = 76%, Black = 48%.} 1-0

[Event "18th Aeroflot Open-A 2020"]
[Site "Moscow"]
[Date "2020.02.23"]
[Round "5.31"]
[White "Mendonca, Leon Luke"]
[Black "Cordova, Emilio"]
[Result "0-1"]
[WhiteElo "2418"]
[BlackElo "2593"]
[Annotator "TA"]
[PlyCount "88"]
[EventDate "2020.02.19"]
[EventType "swiss"]
[EventCountry "RUS"]
[SourceTitle "playchess.com"]
[Source "ChessBase"]
[SourceQuality "1"]

{[%evp 9,88,22,15,19,20,10,21,4,20,4,0,3,0,0,8,0,0,0,16,14,18,9,0,-20,-7,-10,-16,-16,-16,-16,-16,-13,-13,-10,-12,-40,-43,-42,-38,-48,-63,-71,-62,-95,-64,-54,-31,-96,-96,-153,-124,-148,-80,-78,-72,-72,-66,-239,-235,-317,-308,-462,-470,-493,-487,-472,-486,-481,-496,-557,-461,-706,-655,-12832,-12833,-2801,-1437,-12841,-12841,-12841,-12840]} 1. d4 Nf6 2. c4 c5 3. d5 b5 4. Qc2 bxc4 5. e4 e6 6. Bxc4 {A57: Benko/Volga Gambit.} exd5 7. exd5 d6 8. Nc3 {The position is equal.} Be7 9. Nge2 O-O 10. O-O Nbd7 11. Ng3 Nb6 12. b3 Nxc4 13. bxc4 Re8 {[#]} 14. Rb1 $146 ({Predecessor:} 14. Re1 Bf8 15. Bg5 Rxe1+ 16. Rxe1 h6 17. Bf4 Bg4 18. f3 Bh5 19. Qe2 Bg6 20. Nce4 {½-½ (37) Van Schijndel,Z-Strating,H Netherlands 1993}) 14... Bf8 15. Bf4 h6 16. Qa4 Ng4 17. h3 Ne5 18. Rfe1 Bxh3 19. Bxe5 Bd7 20. Qa6 dxe5 21. Nb5 Qc8 22. Qxc8 Rexc8 23. Rxe5 Rab8 24. Re3 a6 25. Na3 Rb4 26. Ne4 f5 27. Nd2 Bd6 28. Nf3 (28. Reb3 $15) 28... f4 $36 {[%mdl 2048] White is under strong pressure.} 29. Rc3 ({White should play} 29. Reb3) 29... Bf5 30. Re1 Rb2 (30... Kf7 $142 31. Nh4 Bg4) 31. Rb3 Rxb3 32. axb3 Rb8 33. Nd2 $2 {This costs White the game.} (33. Nb1 $15) 33... Bc7 $1 $19 34. Nab1 {[#]} Ba5 $1 35. Rd1 (35. g4 $142 fxg3 36. Re3) 35... Bc2 {Black is clearly winning.} 36. Rc1 Bxb1 $1 {[%mdl 64] Overworked Piece} 37. Nxb1 Rxb3 {[%mdl 4096] Endgame KRB-KRN} 38. Kf1 Bb4 39. Rd1 Kf8 40. Nd2 (40. g3 $142 fxg3 41. fxg3) 40... Rd3 41. Ke2 {[#]} Rxd2+ $1 {[%mdl 64] Remove Defender} 42. Rxd2 {[#]} f3+ $1 {[%mdl 512]} 43. gxf3 (43. Kxf3 Bxd2) 43... Bxd2 44. Kxd2 a5 {Accuracy: White = 52%, Black = 89%.} 0-1

[Event "18th Aeroflot Open-A 2020"]
[Site "Moscow"]
[Date "2020.02.23"]
[Round "5.32"]
[White "Vignesh N R"]
[Black "Wagner, Dennis"]
[Result "0-1"]
[WhiteElo "2436"]
[BlackElo "2590"]
[Annotator "TA"]
[PlyCount "68"]
[EventDate "2020.02.19"]
[EventType "swiss"]
[EventCountry "RUS"]
[SourceTitle "playchess.com"]
[Source "ChessBase"]
[SourceQuality "1"]

{[%evp 11,68,10,23,20,22,20,24,24,15,-93,-97,-97,-94,-91,-91,-94,-96,-168,-162,-155,-166,-164,-166,-183,-193,-178,-157,-143,-141,-137,-118,-187,-187,-187,-137,-352,-345,-362,-379,-426,-430,-435,-364,-456,-486,-480,-415,-477,-462,-753,-736,-571,-465,-29988,-29989,-29989,-29990,-29993,-29994]} 1. e4 e5 2. Nf3 Nc6 3. Bc4 Bc5 4. O-O Nf6 5. d3 d6 6. c3 a6 7. a4 {outshines the older 7.Bb3. Played by Alireza Firouzja in February 2020. C54: Giuoco Piano: 4 c3 Nf6, main lines with 5 d4 and 5 d3.} Ba7 8. Nbd2 Nh5 $5 {[%mdl 4] [#] An interesting side line.} 9. Nb3 $146 {Hoping for Ng5.White has an edge.} ({Predecessor:} 9. Re1 Qf6 10. Nf1 Bg4 11. Be3 Nf4 12. Bxf4 Qxf4 13. Ne3 Bxf3 14. Qxf3 Qxf3 15. gxf3 {0-1 (44) Radovanovic,N (2438)-Predke,A (2603) Sarajevo 2018}) 9... Qf6 10. Nxe5 (10. Be3 $11 {remains equal.}) 10... Nxe5 $17 ({Weaker is} 10... Qxe5 11. d4 $16) 11. Qxh5 Bg4 12. Qg5 Be2 $1 13. Qxf6 gxf6 14. Bf4 (14. Nd2 $17 {is a better defense.}) 14... Nxc4 $19 15. dxc4 Bxc4 16. Nd2 Bxf1 17. Nxf1 {[#]} O-O-O $1 18. Rd1 Rhe8 19. Ng3 {[#]} f5 $1 20. exf5 {[#]} d5 $1 21. Bg5 (21. Kf1 $17) 21... Rd6 22. Bf4 Rd7 23. Nh5 $2 {Now White is beyond hope.} (23. Kf1 $17) 23... Re2 24. Bg3 Rde7 ({Don't take} 24... Rxb2 25. Nf6 $19) 25. Kf1 Rxb2 26. Nf6 c6 27. Nxh7 Ree2 {[%cal Ra7f2]} 28. Re1 Rxe1+ 29. Kxe1 {[%mdl 4096] Endgame KRB-KBN} a5 30. Ng5 (30. Kd1 $142) 30... b5 {[%cal Bb7b5,Bb5a4,Ba4a3,Ba3a2][%mdl 32]} 31. Nxf7 bxa4 {( -> ...a3)} 32. f6 (32. Bd6 $19) 32... a3 {Black mates.} 33. Nd6+ Kd7 34. f7 a2 {Accuracy: White = 49%, Black = 96%.} 0-1

[Event "18th Aeroflot Open-A 2020"]
[Site "Moscow"]
[Date "2020.02.23"]
[Round "5.33"]
[White "Chigaev, Maksim"]
[Black "Gokerkan, Cem Kaan"]
[Result "1/2-1/2"]
[WhiteElo "2616"]
[BlackElo "2461"]
[Annotator "TA"]
[PlyCount "99"]
[EventDate "2020.02.19"]
[EventType "swiss"]
[EventCountry "RUS"]
[SourceTitle "playchess.com"]
[Source "ChessBase"]
[SourceQuality "1"]

{[%evp 18,99,21,10,15,12,23,6,18,16,51,55,52,54,45,31,41,30,21,37,52,45,50,46,50,60,73,64,73,66,71,52,69,63,64,56,60,46,46,46,56,63,54,0,43,44,32,0,0,0,0,0,0,0,0,0,0,0,0,0,0,0,0,0,0,0,0,0,0,0,0,0,0,0,0,0,0,0,0,0,0,0,0,0]} 1. e4 c5 2. Nf3 d6 3. d4 cxd4 4. Nxd4 Nf6 5. Nc3 g6 6. Be3 a6 7. a4 Bg7 8. Be2 O-O 9. O-O Nc6 10. Qd2 Bd7 {B90: Sicilian Najdorf: Unusual White 6th moves, 6 Be3 Ng4 and 6 Be3 e5.} 11. Rfd1 Rc8 12. f3 Ne5 13. a5 Nc4 14. Bxc4 $1 Rxc4 15. Nde2 Rc8 {[#]} 16. Bb6 $146 ({Predecessor:} 16. b3 Bc6 17. Bb6 Qe8 18. Bd4 Nd7 19. Nd5 Bxd4+ 20. Nxd4 Bxd5 21. exd5 Nf6 22. c4 {1-0 (33) Hou,Y (2629)-De Filomeno,S (2430) Florence 2014}) 16... Qe8 17. Rac1 Bc6 18. b3 h5 19. Nd5 Bxd5 20. exd5 Qb5 21. Rb1 Kh7 22. c4 Qd7 23. Re1 Rfe8 24. Nd4 e5 25. dxe6 $1 fxe6 26. Rbd1 d5 27. f4 dxc4 28. bxc4 Rxc4 29. Qe2 Qa4 30. Nxe6 (30. Qf1 $14) 30... Rc6 (30... Rxf4 $5 31. Qd2 Rf5 $11) 31. Ng5+ $1 Kh6 32. Qf1 Rxe1 {The position is equal.} 33. Qxe1 Ng4 {White must now prevent ...Bc3.} 34. h3 Rxb6 ({Not} 34... Qxf4 $2 35. hxg4 Qxg4 36. Nf3 $18) 35. hxg4 ({Of course not} 35. axb6 Bd4+ 36. Rxd4 Qxd4+ 37. Kh1 Nf2+ 38. Kh2 Qxf4+ 39. g3 Qxg5 $15) 35... Rb2 36. Nf7+ Kh7 37. Ng5+ Kh6 38. gxh5 {[#] Intending Nf7+ and mate.} Qxf4 39. Ne6 Qg4 {[%csl Gb2][%cal Rg4g2]} 40. Rd2 Rxd2 41. Qxd2+ Kh7 42. hxg6+ (42. Nxg7 {is interesting.} Kxg7 43. Qb2+ Kh6 44. Qh8+ Kg5 45. hxg6 Qd1+ 46. Kh2) 42... Kxg6 43. Nxg7 (43. Qd6 {seems wilder.} Bf6 44. Qd3+ Kh6 45. Qe3+ Kh7 46. Nf4) 43... Kxg7 $11 {[%mdl 4096] Endgame KQ-KQ} 44. Qc3+ Kg6 45. Qd3+ Kg7 $1 46. Qc3+ Kg6 47. Qc2+ Kf6 48. Qb2+ Kf5 49. Qb1+ Kg5 50. Qxb7 {Accuracy: White = 94%, Black = 93%.} 1/2-1/2

[Event "18th Aeroflot Open-A 2020"]
[Site "Moscow"]
[Date "2020.02.23"]
[Round "5.34"]
[White "Sivuk, Vitaly"]
[Black "Krishna C R G"]
[Result "0-1"]
[WhiteElo "2557"]
[BlackElo "2443"]
[Annotator "TA"]
[PlyCount "74"]
[EventDate "2020.02.19"]
[EventType "swiss"]
[EventCountry "RUS"]
[SourceTitle "playchess.com"]
[Source "ChessBase"]
[SourceQuality "1"]

{[%evp 9,74,30,30,30,32,30,27,26,15,17,20,26,42,53,45,35,26,29,67,55,55,52,60,58,87,85,82,70,64,62,75,74,127,92,90,63,71,92,79,92,80,0,0,0,0,0,0,0,0,-5,0,-8,-6,-259,-248,-284,-250,-904,-570,-1358,-1275,-29990,-29991,-29997,-29998,-29998,-29999]} 1. d4 f5 2. Nc3 d5 3. Bf4 a6 4. e3 Nf6 5. Nf3 e6 6. Bd3 {A80: Dutch Defence: Unusual White second moves.} c5 7. dxc5 Bxc5 8. O-O {White has an edge.} Nc6 $1 {8...Nc6 is better than 8...0-0.} 9. Ne2 O-O 10. c4 Qe7 {Black wants to play ...e5.} 11. cxd5 Nxd5 12. Bg5 Nf6 13. Rc1 Bd7 14. Nf4 Bd6 15. Qb3 Kh8 16. Rfd1 ({Avoid the trap} 16. Qxb7 $2 Rfb8 $19) 16... Rad8 17. Be2 b5 18. Nh4 Ne5 19. Rc2 Bb8 20. Rcd2 Qf7 (20... Bc8 $142) 21. Qa3 Rde8 22. Qxa6 {Hoping for Bxf6.} Ne4 23. Bh5 g6 24. Nhxg6+ hxg6 {[#]} 25. Nxg6+ (25. Rxd7 $1 $16 {[%mdl 512]} Qg8 (25... Nxd7 26. Nxg6+) 26. Nxg6+ Nxg6 27. h4) 25... Nxg6 $11 26. Rxd7 Qg8 27. Bh6 {And now Bxg6 would win.} Rf7 28. Qxb5 {Black must now prevent Rxf7.} Nf6 $40 {[%mdl 128] Black attacks.} ({Not} 28... Nh4 $2 29. g3 $18) 29. Rxf7 Qxf7 30. Bf3 Nh4 $1 {[%cal Rh4f3]} 31. Bc6 $2 {[%mdl 8192] [#] Now White is beyond hope.} (31. Qe2 $11) 31... Qh5 $1 $19 {[%csl LRd1,LRh6][%mdl 512]} 32. Rd4 {[#]} Bxh2+ $1 {[%mdl 512]} 33. Kh1 $2 (33. Kf1 Rb8 34. Qa5 Qxh6 35. Rd8+ Kh7 36. Qa7+ Qg7 37. Rxb8 Qxa7 38. Rb7+ Qxb7 39. Bxb7) (33. Kxh2 Nf3+) 33... Rb8 34. Qc4 Be5 35. g4 Nxg4 {[%mdl 64] Double Attack. Black mates.} 36. Qxe6 Nf3+ 37. Kg2 Qh2+ {Accuracy: White = 65%, Black = 81%.} 0-1